The Conflict in Northern Ireland: Reasons and Consequences bakalárska práca

Enregistré dans:
Détails bibliographiques
Auteur principal: Ostrihoňová, Lucia
Collectivité auteur: Fakulta aplikovaných jazykov EU v Bratislave. Katedra interkultúrnej komunikácie
Autres auteurs: Stradiotová, Eva, 1963-
Format: Livre
Langue:anglais
Publié: Bratislava 2017
Tags: Ajouter un tag
Pas de tags, Soyez le premier à ajouter un tag!

MARC

LEADER 00000nbm a2200000 4500
001 0231436
005 20180215144817.1
041 0 |a eng 
044 |a SK 
245 1 0 |a The Conflict in Northern Ireland: Reasons and Consequences  |b bakalárska práca  |c Lucia Ostrihoňová ; školiteľ: Eva Stradiotová 
264 1 |a Bratislava  |c 2017 
300 |a 67 s. 
100 1 |a Ostrihoňová, Lucia 
700 1 |a Stradiotová, Eva, 1963- 
710 2 |a Fakulta aplikovaných jazykov EU v Bratislave. Katedra interkultúrnej komunikácie